[Event "Match \"]
[Site "masterchessopen.com Moscow (Russia)"]
[Round "2"]
[White "Denker Arnold S (USA)"]
[Black "Smyslov Vassily (RUS)"]
[Result "0-1"]
[WhiteElo "2293"]
[BlackElo "2494"]

1.d4 Nf6 2.c4 e6 3.Nc3 Bb4 4.e3 O-O 5.Bd3 c5 6.a3 Bxc3+ 7.bxc3 Nc6 8.Ne2 d6
9.O-O e5 10.e4 Re8 11.Qc2 Nd7 12.f4 b6 13.Be3 Ba6 14.fxe5 dxe5 15.d5 Na5
16.Qa2 Nf8 17.Ng3 Ng6 18.Qe2 Nb7 19.Nf5 Nd6 20.g3 f6 21.Nxd6 Qxd6 22.h4 Ne7
23.a4 Bc8 24.Kh2 a5 25.Qg2 Bg4 26.Be2 Bxe2 27.Qxe2 Rad8 28.Rab1 Nc8 29.h5 Rf8
30.Rf2 Rf7 31.h6 g6 32.Rff1 Qe7 33.Qg4 Nd6 34.Qe6 Nxe4 35.Qxb6 f5 36.Rb2 f4
37.Qe6 fxe3 38.Rxf7 Qxf7 39.Qxe5 Nf6 40.Rb8 Ng4+ 41.Kh3 Nxe5 42.Rxd8+ Qf8
43.Rxf8+ Kxf8 {#R} 0-1

[Event "Ch World (match-tournament)"]
[Site "masterchessopen.com Hague/Moscow (Netherl./Russia)"]
[Round "14"]
[White "Botvinnik Mikhail M (RUS)"]
[Black "Reshevsky Samuel H (USA)"]
[Result "0-1"]
[WhiteElo "2630"]
[BlackElo "2430"]

1.d4 Nf6 2.c4 e6 3.Nc3 Bb4 4.e3 c5 5.a3 Bxc3+ 6.bxc3 Nc6 7.Bd3 O-O 8.Ne2 b6
9.e4 Ne8 { ! } 10.Be3 d6 11.O-O Na5 12.Ng3 Ba6 13.Qe2 Qd7 14.f4 { ? } ( 14.e5
{ ? } ) 14...f5 { ! } 15.Rae1 { ?! } ( 15.d5 g6 16.dxe6 Qxe6 17.exf5 gxf5 {
xc4 } ) ( 15.Rad1 ) ( 15.Rfe1 ) 15...g6 16.Rd1 Qf7 ( 16...Qa4 17.d5 { ! }
17...Bxc4 18.dxe6 Bxe6 19.exf5 { ? } ) 17.e5 Rc8 18.Rfe1 ( 18.exd6 Nxd6
19.dxc5 bxc5 { ? xc4 } ) 18...dxe5 { ! } 19.dxe5 ( 19.fxe5 { ? } 19...cxd4 { ?
xc4 } ) 19...Ng7 20.Nf1 Rfd8 21.Bf2 Nh5 { ! } 22.Bg3 Qe8 23.Ne3 Qa4 24.Qa2
Nxg3 ( 24...Qb3 25.Qxb3 Nxb3 26.Bh4 { !? } ) ( 24...g5 { !? } 25.fxg5 f4 )
25.hxg3 h5 { ? } ( 25...Qb3 { ! } 26.Qxb3 Nxb3 27.g4 fxg4 28.Nxg4 Na5 { ?? } )
26.Be2 { ? } ( 26.Bc2 { ! } 26...Qc6 ( 26...Bxc4 { ? } 27.Bxa4 Bxa2 28.Bd7 Rb8
29.c4 { ± } ) 27.a4 { ? } ) 26...Kf7 27.Kf2 Qb3 { !? } 28.Qxb3 Nxb3 29.Bd3 (
29.Nf1 Na5 30.Ne3 Ke7 { ? } ) 29...Ke7 30.Ke2 Na5 31.Rd2 Rc7 { ?? } ( 31...Kf7
{ ? ?c7-d7? } ) 32.g4 { ! } 32...Rcd7 ( 32...fxg4 33.Bxg6 { = } ) 33.gxf5 (
33.Rdd1 fxg4 34.Bxg6 Nxc4 35.Rxd7+ Rxd7 36.Nxc4 Bxc4+ 37.Ke3 Kf8 { ??+? } )
33...gxf5 ( 33...Bxc4 34.f6+ ( 34.Nxc4 { ? } 34...Nxc4 35.fxe6 Rd5 { ? } )
34...Kf7 35.Red1 { ? } ) 34.Red1 { ? } ( 34.Rdd1 { !? } 34...Nb3 ( 34...Kf7
35.Rh1 Kg6 36.Rhg1 ( 36.g4 { ? } 36...hxg4 37.Rh4 Nxc4 { ! } 38.Rdh1 Rxd3 { !
} ) 36...Kg7 37.Rh1 Nb3 38.Bc2 { ! } 38...Nd2 39.Rxh5 Nxc4 40.Rxd7+ Rxd7
41.Nxc4 Bxc4+ 42.Ke3 { = } ) 35.Rh1 Kf7 36.Bc2 { !? } 36...Nd2 { ? } 37.Rxh5 )
34...h4 { ??+ } 35.Ke1 ( 35.Rh1 Bxc4 { ! ??+ } ) 35...Nb3 36.Nd5+ exd5 37.Bxf5
Nxd2 38.Rxd2 dxc4 39.Bxd7 Rxd7 40.Rf2 Ke6 41.Rf3 Rd3 42.Ke2 {#R} 0-1

[Event "Tournament (candidates)"]
[Site "masterchessopen.com Budapest (Hungary)"]
[Round "0"]
[White "Bronstein David I (RUS)"]
[Black "Najdorf Miguel (POL)"]
[Result "1-0"]
[WhiteElo "2432"]
[BlackElo "2445"]

1.d4 Nf6 2.c4 e6 3.Nc3 Bb4 4.a3 Bxc3+ 5.bxc3 c5 6.e3 Nc6 7.Bd3 O-O 8.Ne2 d6
9.e4 Ne8 10.O-O b6 11.f4 Ba6 12.f5 { ! } 12...e5 ( 12...Nf6 13.Bg5 { ? } )
13.f6 Kh8 ( 13...gxf6 14.d5 Ne7 15.Bh6 Ng7 16.Ng3 Bc8 17.Nh5 Nxh5 18.Qxh5 Re8
19.Rxf6 Ng6 20.Rxf7 Kxf7 21.Bg5 Qd7 22.Qxh7+ { +?? } ) 14.d5 Na5 15.Ng3 gxf6
16.Nf5 Bc8 17.Qh5 Bxf5 18.exf5 Rg8 19.Rf3 Rg7 ( 19...Ng7 20.Qxh7+ Kxh7 21.Rh3+
Nh5 22.Rxh5+ Kg7 23.Bh6+ Kh7 24.Bf8# ) 20.Bh6 Rg8 21.Rh3 1-0

[Event "It"]
[Site "masterchessopen.com Opatija (Croatia)"]
[Round "0"]
[White "Donner Jan-Hein (NED)"]
[Black "Matanovic Aleksandar (SRB)"]
[Result "0-1"]
[WhiteElo "2430"]
[BlackElo "2490"]

1.d4 Nf6 2.c4 e6 3.Nc3 Bb4 4.e3 O-O 5.Bd3 c5 6.a3 Bxc3+ 7.bxc3 Nc6 8.Ne2 b6
9.e4 Ne8 10.Be3 d6 11.f4 f5 12.d5 exd5 13.cxd5 fxe4 14.Bxe4 Qe7 15.Ng3 Na5
16.Kf2 g5 17.f5 Bxf5 18.Bxf5 Ng7 19.Re1 Nxf5 20.Nxf5 Rxf5+ 21.Kg1 Qg7 22.Qg4
Qg6 23.Rad1 h5 24.Qa4 Raf8 25.Bc1 Rf2 26.Qd7 Nc4 27.Qe7 R2f6 28.h3 g4 29.hxg4
Qxg4 30.Qe2 Ne5 31.Qxg4+ hxg4 32.Bg5 Rg6 33.Be7 Rf5 34.Bh4 Nc4 35.Re4 b5 36.a4
Nb2 37.Re8+ Kh7 38.Rb1 Nxa4 39.Rxb5 Nxc3 40.Rb7+ Rg7 41.Ree7 Rxe7 42.Rxe7+ Kg8
43.Rxa7 Rxd5 {#R} 0-1

[Event "Olympiad"]
[Site "masterchessopen.com Amsterdam (Netherlands)"]
[Round "4"]
[White "Raizman Maurice"]
[Black "De Greif Boris (COL)"]
[Result "1-0"]
[WhiteElo "2200"]
[BlackElo "2255"]

1.d4 Nf6 2.c4 e6 3.Nc3 Bb4 4.e3 c5 5.a3 Bxc3+ 6.bxc3 O-O 7.Bd3 Nc6 8.Ne2 b6
9.O-O Ba6 10.Ng3 Na5 11.Qe2 d6 12.Bb2 Rc8 13.Rac1 Qd7 14.e4 Qa4 15.e5 dxe5
16.dxe5 Ne8 17.Ne4 Bxc4 18.Ng5 g6 19.Qg4 Kg7 20.Rce1 Qb5 21.Bxc4 Qxc4 22.Re4
Qb3 23.Bc1 h6 24.Nh3 f5 25.Bxh6+ Kxh6 26.Qg5+ Kg7 27.Rh4 Nc6 28.Qh6+ Kf7
29.Qh7+ Ng7 30.Ng5+ Ke8 31.Qxg7 Ne7 32.Nh7 {#r} 1-0

[Event "Ch Ukraine"]
[Site "masterchessopen.com Kiev (Ukraine)"]
[Round "14"]
[White "Nikolaevsky Yuri V (RUS)"]
[Black "Zurakhov Vladlen Y (RUS)"]
[Result "1-0"]
[WhiteElo "2315"]
[BlackElo "2415"]

1.d4 Nf6 2.c4 e6 3.Nc3 Bb4 4.a3 Bxc3+ 5.bxc3 c5 6.e3 Nc6 7.Bd3 O-O 8.Ne2 b6
9.e4 Ne8 10.O-O Ba6 11.f4 f5 12.exf5 exf5 13.Qc2 g6 14.g4 Ne7 15.Ng3 Nd6
16.Be3 Qc8 17.Rae1 Bxc4 18.dxc5 bxc5 19.Bf2 Be6 20.gxf5 Nexf5 21.Re5 c4 22.Be2
Nxg3 23.hxg3 Bh3 24.Rd1 Nf7 25.Re3 Bf5 26.Qa4 Be6 27.Bf3 Rb8 28.Qxa7 Nh6 29.a4
Rb2 30.Rxe6 dxe6 31.Rd7 Rf7 32.Rxf7 Nxf7 33.a5 Ra2 34.Qb6 e5 35.Kg2 Qd8
36.fxe5 Qxb6 37.axb6 Nxe5 38.b7 Rb2 39.Bd5+ Kf8 40.Kh3 Nd7 41.Be3 Ke7 42.Bf4
h6 43.Bxh6 Nc5 44.Bc1 Rb3 45.Ba3 Kd6 46.Bb4 {#r} 1-0

[Event "Ch URS"]
[Site "masterchessopen.com Leningrad (Russia)"]
[Round "0"]
[White "Cherepkov Alexander V (RUS)"]
[Black "Korchnoi Viktor (SUI)"]
[Result "0-1"]
[WhiteElo "2395"]
[BlackElo "2556"]

1.d4 Nf6 2.c4 e6 3.Nc3 Bb4 4.e3 c5 5.Bd3 O-O 6.a3 Bxc3+ 7.bxc3 Nc6 8.Ne2 b6
9.e4 d6 10.Bg5 h6 11.Bh4 e5 12.O-O g5 13.Bg3 Kg7 14.f3 Qe8 15.Bf2 Nh5 16.g3
Na5 17.f4 Bg4 18.fxg5 hxg5 19.Be3 f6 20.d5 Rh8 21.Qe1 Qg6 22.Bc1 Bh3 23.Rf2
Nxc4 24.Bxc4 Qxe4 25.Ba2 Nxg3 26.hxg3 Bf1 27.Kxf1 Rh1+ 28.Ng1 Rxg1+ 29.Kxg1
Qxe1+ 30.Kg2 Rh8 {#R} 0-1

[Event "Ch Ukraine"]
[Site "masterchessopen.com Kiev (Ukraine)"]
[Round "1"]
[White "Rotstein Efim (GER)"]
[Black "Lazarev Efim M (UKR)"]
[Result "0-1"]
[WhiteElo "2341"]
[BlackElo "2428"]

1.d4 Nf6 2.c4 e6 3.Nc3 Bb4 4.e3 O-O 5.Bd3 c5 6.a3 Bxc3+ 7.bxc3 Nc6 8.Ne2 b6
9.O-O Ba6 10.e4 Ne8 11.Be3 Na5 12.dxc5 d6 13.cxb6 axb6 14.Rb1 Nxc4 15.Bxc4
Bxc4 16.Rxb6 Rxa3 17.e5 d5 18.Rc6 Bb5 19.Bc5 Ra2 20.Nc1 Ra1 21.Bxf8 Kxf8
22.Qc2 Bxc6 23.Qxh7 Qg5 24.f4 Qg6 25.Qh8+ Ke7 26.Qh4+ Kd7 27.f5 exf5 28.c4 Qh6
29.Qe1 d4 30.Qd1 Qe3+ 31.Kh1 Ba4 32.Qh5 g6 {#R} 0-1

[Event "Olympiad"]
[Site "masterchessopen.com Leipzig (Germany)"]
[Round "3"]
[White "Damjanovic Mato (CRO)"]
[Black "Lengyel Levente (HUN)"]
[Result "0-1"]
[WhiteElo "2303"]
[BlackElo "2293"]

1.d4 Nf6 2.c4 e6 3.Nc3 Bb4 4.a3 Bxc3+ 5.bxc3 c5 6.e3 O-O 7.Bd3 Nc6 8.Ne2 b6
9.O-O Ba6 10.e4 Ne8 11.Be3 Na5 12.dxc5 Nxc4 13.Bxc4 Bxc4 14.Re1 bxc5 15.Bxc5
d6 16.Be3 Bxe2 17.Qxe2 Qa5 18.Qd3 Rc8 19.Bd2 Rc6 20.Re3 Qa6 21.Qc2 Rc4 22.Rh3
Nf6 23.Re3 Qa4 24.Qxa4 Rxa4 25.f3 d5 26.exd5 Nxd5 27.Ree1 Rc8 28.Reb1 h6
29.Rb3 Rc6 30.Kf2 a5 31.g3 Rac4 32.Rb8+ Kh7 33.Rab1 Nxc3 34.R1b7 Rd4 35.Ke1
Nd5 36.Rxf7 Rc2 37.Bf4 Nxf4 38.gxf4 Rxh2 39.Rbb7 Rg2 40.Rbe7 Kg8 41.f5 exf5
42.Rxf5 Rh4 43.Kd1 Ra2 {#R} 0-1

[Event "Olympiad"]
[Site "masterchessopen.com Leipzig (Germany)"]
[Round "1"]
[White "Diez Del Corral Jesus (ESP)"]
[Black "Rodriguez Gonzales Jesus (CUB)"]
[Result "1-0"]
[WhiteElo "2415"]
[BlackElo "2355"]

1.d4 Nf6 2.c4 e6 3.Nc3 Bb4 4.a3 Bxc3+ 5.bxc3 O-O 6.e3 c5 7.Bd3 Nc6 8.Ne2 b6
9.e4 Ne8 10.Ng3 d6 11.Be3 Ba6 12.O-O Na5 13.Qe2 Qd7 14.f4 f5 15.d5 g6 16.dxe6
Qxe6 17.exf5 gxf5 18.Rae1 Ng7 19.Nh5 Rae8 20.Nxg7 Kxg7 21.Bd4+ Kf7 22.Qf3 Bb7
23.Rxe6 Bxf3 24.Rxe8 Rxe8 25.Rxf3 cxd4 26.cxd4 Nb3 27.Rh3 Nxd4 28.Rxh7+ Kf6
29.Kf2 Ne6 30.g3 a6 31.Rd7 Rd8 32.Rxd8 Nxd8 33.h3 Ne6 34.Ke3 Nc5 35.g4 fxg4
36.hxg4 Ke6 37.g5 d5 38.f5+ Ke5 39.cxd5 Kxd5 40.f6 Ke6 41.Bb1 Ke5 42.f7 Nd7
43.g6 Kf6 44.Bf5 {#r} 1-0

[Event "Tournament (team)"]
[Site "masterchessopen.com Leningrad (Russia)"]
[Round "0"]
[White "Spassky Boris V (FRA)"]
[Black "Bykov Valery (RUS)"]
[Result "1-0"]
[WhiteElo "2548"]
[BlackElo "2301"]

1.d4 Nf6 2.c4 e6 3.Nc3 Bb4 4.a3 Bxc3+ 5.bxc3 c5 6.e3 O-O 7.Bd3 Nc6 8.Ne2 b6
9.e4 Ne8 10.O-O Ba6 11.f4 f5 12.exf5 exf5 13.dxc5 bxc5 14.Be3 d6 15.Rb1 Qc7
16.Bf2 Bc8 17.Re1 Nf6 18.Ng3 g6 19.Nf1 Bb7 20.Bh4 Nh5 21.Bg5 Rf7 22.Be2 Nf6
23.Ne3 Ne4 24.Nd5 Qd7 25.Bf3 Re8 26.Rxe4 Rxe4 27.Bxe4 fxe4 28.Nf6+ Rxf6
29.Bxf6 Na5 30.Rb5 Nxc4 31.Rxc5 Nb6 32.Qb3+ Kf8 33.Rg5 e3 34.Bd4 Qe8 35.Qb1
Qe6 36.f5 Qe7 37.fxg6 Qxg5 38.Qf1+ Ke8 39.Qf7+ Kd8 40.Bf6+ {#r} 1-0

[Event "Olympiad"]
[Site "masterchessopen.com Tel Aviv (Israel)"]
[Round "5"]
[White "Pachman Ludek (GER)"]
[Black "Porath Yosef (ISR)"]
[Result "1-0"]
[WhiteElo "2278"]
[BlackElo "2340"]

1.d4 Nf6 2.c4 e6 3.Nc3 Bb4 4.e3 c5 5.a3 Bxc3+ 6.bxc3 O-O 7.Bd3 Nc6 8.Ne2 d6
9.e4 Ne8 10.Be3 f5 11.exf5 exf5 12.O-O b6 13.Re1 Nf6 14.Nf4 Ng4 15.Qf3 Bd7
16.Bd2 Nf6 17.Ne6 Bxe6 18.Rxe6 Rc8 19.Qxf5 cxd4 20.Bg5 g6 21.Qh3 Ne5 22.Rxf6
{#r} 1-0

[Event "It"]
[Site "masterchessopen.com Hastings (England)"]
[Round "7"]
[White "Littlewood Norman"]
[Black "Gheorghiu Florin (ROM)"]
[Result "0-1"]
[WhiteElo "2328"]
[BlackElo "2383"]

1.d4 Nf6 2.c4 e6 3.Nc3 Bb4 4.a3 Bxc3+ 5.bxc3 c5 6.e3 O-O 7.Bd3 Nc6 8.Ne2 b6
9.e4 Ne8 10.e5 Ba6 11.Qc2 h6 12.O-O Rc8 13.Ng3 cxd4 14.cxd4 d6 15.Qe2 dxe5
16.Bb2 Nxd4 17.Qe3 Bxc4 18.Bxc4 Rxc4 19.Qd3 Qd5 {#R} 0-1

[Event "Ch URS (team)"]
[Site "masterchessopen.com Moscow (Russia)"]
[Round "0"]
[White "Kaminik Aleksandar (ISR)"]
[Black "Kirilov Valentins (LAT)"]
[Result "0-1"]
[WhiteElo "2168"]
[BlackElo "2339"]

1.d4 Nf6 2.c4 e6 3.Nc3 Bb4 4.a3 Bxc3+ 5.bxc3 c5 6.e3 O-O 7.Bd3 Nc6 8.Ne2 b6
9.e4 Ne8 10.Bf4 Ba6 11.e5 d6 12.exd6 Nxd6 13.dxc5 Nxc4 14.Qc2 e5 15.Bxh7+ Kh8
16.Bg3 g6 17.Bxg6 fxg6 18.Qxg6 Qd2+ 19.Kf1 Ne7 20.Qh5+ Kg8 21.Qg4+ Kf7 22.Qh5+
Ke6 23.Kg1 bxc5 24.Nf4+ Rxf4 25.Bxf4 Qxf4 26.g3 Rg8 27.Qh3+ Qf5 28.Qg2 Nd2
29.f4 Qd3 {#R} 0-1

[Event "Tournament (team)"]
[Site "masterchessopen.com Sofia (Bulgaria)"]
[Round "6"]
[White "Neamtu Serban-Constantin (ROM)"]
[Black "Papapostolou Christ (GRE)"]
[Result "1-0"]
[WhiteElo "2278"]
[BlackElo "2073"]

1.d4 Nf6 2.c4 e6 3.Nc3 Bb4 4.e3 O-O 5.Bd3 c5 6.a3 Bxc3+ 7.bxc3 Nc6 8.Nf3 d6
9.e4 e5 10.d5 Ne7 11.Nh4 Ne8 12.Nf5 Nxf5 13.exf5 Qf6 14.Qc2 Nc7 15.Be4 b5
16.cxb5 Nxb5 17.a4 Nc7 18.h4 Qe7 19.f6 gxf6 20.Bh6 f5 21.Bxf8 Kxf8 22.Bxf5
Nxd5 23.Bxc8 Rxc8 24.Qxh7 Qf6 25.Rh3 Nf4 26.Rg3 Ke7 27.Rb1 Ke6 28.Rb7 c4
29.Kd2 Rh8 30.Qg7 Nh5 31.Qg4+ {#r} 1-0

[Event "Ch World (team) (under 26) (final B)"]
[Site "masterchessopen.com Ybbs (Austria)"]
[Date "1968.07.21"]
[Round "3"]
[White "Kazilaris Nikolaos (GRE)"]
[Black "Pritchett Craig W (SCO)"]
[Result "1-0"]
[WhiteElo "2181"]
[BlackElo "2343"]

1.d4 Nf6 2.c4 e6 3.Nc3 Bb4 4.a3 Bxc3+ 5.bxc3 c5 6.e3 O-O 7.Bd3 Nc6 8.Ne2 b6
9.Nf4 Ba6 10.O-O Na5 11.Qe2 Rc8 12.e4 cxd4 13.e5 Ne8 14.Qh5 f5 15.Nh3 g6
16.Qh6 Qe7 17.cxd4 Bxc4 18.Bxc4 Rxc4 19.Bg5 Qg7 20.Qh4 h5 21.Rac1 d5 22.Rxc4
dxc4 23.Nf4 Nc7 24.Bd8 Re8 25.Bxc7 Qxc7 26.Nxg6 Qf7 27.Nf4 Rc8 28.Nxh5 Kf8
29.Nf6 Qg7 30.Rc1 c3 31.Qh3 c2 32.f4 Rc4 33.Qh5 Qf7 34.Qh8+ Ke7 35.Qb8 {#r}
1-0

[Event "Ch Czechoslovakia (team)"]
[Site "masterchessopen.com Harrachov (Czech Republic)"]
[Round "3"]
[White "Nevole Vladimir (CZE)"]
[Black "Janata Michael (CSR)"]
[Result "0-1"]
[WhiteElo "2051"]
[BlackElo "2400"]

1.d4 Nf6 2.c4 e6 3.Nc3 Bb4 4.a3 Bxc3+ 5.bxc3 c5 6.e3 O-O 7.Bd3 Nc6 8.Ne2 b6
9.Ng3 Ba6 10.e4 cxd4 11.cxd4 Nxd4 12.e5 Ne8 13.Bb2 Nf5 14.Qg4 Nh4 15.Nh5 Ng6
16.h4 f5 17.exf6 Nxf6 18.Nxf6+ Rxf6 19.Bxf6 Qxf6 20.O-O Nf4 21.Be4 d5 22.Bf3
Bxc4 23.Rfe1 Rf8 24.Rad1 e5 25.Rd2 e4 26.Bxe4 dxe4 27.Rxe4 Be6 28.Qg5 Qf7
29.Qe5 Bc8 30.Qe7 Qf5 31.Rd8 Ng6 32.Rxf8+ Nxf8 33.Rd4 Bd7 34.Rc4 Qe6 35.Qb4
Bc6 36.Qc3 Bd7 37.Rc7 a5 38.Qd4 a4 39.Rb7 b5 40.Rb8 Qe1+ 41.Kh2 Qe7 42.g3 Bc6
43.Rb6 Bf3 44.Qf4 Qe2 {#R} 0-1

[Event "Match \"]
[Site "masterchessopen.com Germany"]
[Round "1"]
[White "Lehmann Klaus (GER)"]
[Black "Janata Michael (CSR)"]
[Result "0-1"]
[WhiteElo "2349"]
[BlackElo "2400"]

1.d4 Nf6 2.c4 e6 3.Nc3 Bb4 4.e3 O-O 5.a3 Bxc3+ 6.bxc3 c5 7.Bd3 Nc6 8.Ne2 b6
9.e4 Ne8 10.Be3 Na5 11.dxc5 Qc7 12.cxb6 axb6 13.c5 bxc5 14.O-O Ba6 15.Bf4 Qc6
16.Ng3 Bxd3 17.Qxd3 c4 18.Qe2 Nb3 19.Ra2 Nc5 20.Rb1 Nd3 21.Be3 Nf6 22.Bg5 Rfb8
23.Rxb8+ Rxb8 24.Bxf6 Rb1+ 25.Nf1 gxf6 26.h4 Kf8 27.Qf3 Qb5 28.Rd2 Qe5 29.Rd1
Rxd1 30.Qxd1 Qxc3 31.Ne3 Qb3 32.a4 Ke7 33.a5 Qa2 34.Qc2 Qa1+ 35.Kh2 Qe5+ 36.g3
Qxe4 37.a6 Qf3 {#R} 0-1

[Event "It"]
[Site "masterchessopen.com Zinnowitz (Germany)"]
[Round "7"]
[White "Knaak Rainer (GER)"]
[Black "Sydor Andrzej (POL)"]
[Result "0-1"]
[WhiteElo "2482"]
[BlackElo "2325"]

1.d4 Nf6 2.c4 e6 3.Nc3 Bb4 4.a3 Bxc3+ 5.bxc3 O-O 6.e3 c5 7.Bd3 Nc6 8.Ne2 e5
9.dxe5 Nxe5 10.Nf4 d6 11.O-O Be6 12.Nd5 Bxd5 13.cxd5 Qa5 14.Be2 Ne4 15.c4 Nc3
16.Bd2 Nxe2+ 17.Qxe2 Qa4 18.Rfc1 Rfe8 19.Rc3 Re7 20.Rf1 Rae8 21.Bc1 a6 22.e4
b5 23.cxb5 axb5 24.f3 f5 25.Kh1 fxe4 26.Bg5 Rf7 27.f4 Qd4 28.Re3 Nc4 29.Rh3
Qxd5 30.Rd1 Qc6 31.Qh5 g6 32.Qh6 Qb7 {#R} 0-1

[Event "Ch World (team) (under 26) (final B)"]
[Site "masterchessopen.com Dresden (Germany)"]
[Date "1969.08.08"]
[Round "1"]
[White "Acosta Mariano (ARG)"]
[Black "Hernandez Roman (CUB)"]
[Result "1-0"]
[WhiteElo "2000"]
[BlackElo "2375"]

1.d4 Nf6 2.c4 e6 3.Nc3 Bb4 4.a3 Bxc3+ 5.bxc3 c5 6.e3 O-O 7.Bd3 Nc6 8.Ne2 b6
9.e4 d6 10.O-O e5 11.d5 Na5 12.Ng3 Ba6 13.f4 Ne8 14.f5 f6 15.Nh5 Bxc4 16.Bxc4
Nxc4 17.Qg4 Rf7 18.Rf3 Kf8 19.Rh3 Qd7 20.Ng3 h6 21.Nh5 Ke7 22.Qd1 b5 23.Ng3 a5
24.Nf1 Rb8 25.Nd2 Nxd2 26.Bxd2 Nc7 27.g4 Na8 28.Rg3 Nb6 29.h4 Nc4 30.g5 hxg5
31.hxg5 Rh8 32.Bc1 Qe8 33.a4 Nb6 34.Qb3 Rh4 35.g6 Rf8 36.axb5 Rxe4 37.Rxa5
Re1+ 38.Kf2 Rxc1 39.Ra7+ Nd7 40.b6 Rh1 41.Qb5 Rh5 42.Rf3 Rfh8 43.Rc7 e4 44.b7
Rh2+ 45.Ke3 exf3 46.b8=Q f2 {#r} 1-0

[Event "Ch World (team) (under 26) (final B)"]
[Site "masterchessopen.com Dresden (Germany)"]
[Date "1969.08.15"]
[Round "8"]
[White "Toth Bela (ITA)"]
[Black "Balaskas Panayotis (GRE)"]
[Result "1-0"]
[WhiteElo "2345"]
[BlackElo "2090"]

1.d4 Nf6 2.c4 e6 3.Nc3 Bb4 4.a3 Bxc3+ 5.bxc3 c5 6.e3 O-O 7.Bd3 Nc6 8.Ne2 d6
9.e4 e5 10.d5 Ne7 11.Ng3 Ng6 12.O-O Ng4 13.Nf5 Nf6 14.g4 Ne8 15.Qf3 f6 16.Qg3
Qa5 17.Bd2 Bxf5 18.exf5 Nf4 19.Kh1 Rf7 20.h4 h6 21.Rg1 Kf8 22.Rgc1 Nxd3
23.Qxd3 Ke7 24.a4 a6 25.Rcb1 Rb8 26.Rb2 Kd7 27.Be3 Re7 28.Kg2 Nc7 29.Rab1 Kc8
30.Qc2 Na8 31.g5 hxg5 32.hxg5 fxg5 33.Bxg5 Rf7 34.f4 exf4 35.Qe4 Nc7 36.Bxf4
Kd7 37.Rb6 Re7 38.Rxd6+ Ke8 39.Qf3 Kf8 40.Rh1 Qxa4 41.Rh8+ Kf7 42.Qh5+ {#r}
1-0

[Event "Ch Pan-American"]
[Site "masterchessopen.com Habana (Cuba)"]
[Round "0"]
[White "Yepez Trotzky (ECU)"]
[Black "Moraza Manuel (PUR)"]
[Result "0-1"]
[WhiteElo "2180"]
[BlackElo "2187"]

1.d4 Nf6 2.c4 e6 3.Nc3 Bb4 4.e3 c5 5.a3 Bxc3+ 6.bxc3 O-O 7.Bd3 Nc6 8.Nf3 d6
9.Nd2 b6 10.O-O Ba6 11.Bb2 Na5 12.Qe2 e5 13.Rfd1 Qe7 14.e4 Rac8 15.d5 Rc7
16.Nf1 g6 17.Ne3 Kh8 18.Rf1 Nh5 19.g3 Ng7 20.Ng2 f5 21.f3 Qd7 22.a4 Qe7 23.Ra3
Qe8 24.Raa1 fxe4 25.fxe4 Bc8 26.Rxf8+ Qxf8 27.Qf1 Rf7 28.Qe2 Nh5 29.Rf1 Rxf1+
30.Qxf1 Qxf1+ 31.Bxf1 Bd7 32.Bc1 Bxa4 33.Bg5 Bc2 34.Be7 Nb7 35.Ne1 Bxe4 36.Bd3
Bxd3 37.Nxd3 Kg7 38.Nf2 Kf7 39.Bg5 Nf6 40.Kf1 Na5 41.Ke2 Nxc4 42.Kd3 Na5 43.c4
Nb3 {#R} 0-1

[Event "Olympiad"]
[Site "masterchessopen.com Siegen (Germany)"]
[Round "17"]
[White "Lim Kok Ann Dr (SIN)"]
[Black "Malagon Alberto"]
[Result "1-0"]
[WhiteElo "2038"]
[BlackElo "2200"]

1.d4 Nf6 2.c4 e6 3.Nc3 Bb4 4.a3 Bxc3+ 5.bxc3 c5 6.e3 O-O 7.Bd3 Nc6 8.Ne2 b6
9.e4 h6 10.e5 Ne8 11.O-O Ba6 12.f4 f5 13.exf6 Nxf6 14.Ng3 d6 15.Be3 Na5 16.Qe2
Re8 17.Rae1 Rc8 18.Nh5 Rc7 19.Bf2 cxd4 20.Bxd4 Bxc4 21.Bxc4 Nxc4 22.Bxf6 gxf6
23.Qg4+ Kh8 24.Qg6 Rg8 25.Qxh6+ Rh7 26.Qxf6+ Qxf6 27.Nxf6 Re7 28.Nxg8 Kxg8
29.f5 e5 30.f6 Rd7 31.Re4 d5 32.Rg4+ Kf8 33.Rh4 Kg8 34.Rf5 e4 35.Rg4+ Kf8
36.Rh5 Rd6 37.Rf4 e3 38.f7 e2 39.Rh8+ {#r} 1-0

[Event "Memorial A.Sokolsky"]
[Site "masterchessopen.com Minsk (Belarus)"]
[Round "0"]
[White "Shereshevski Mikhail (BLR)"]
[Black "Yuferov Sergey N (RUS)"]
[Result "1-0"]
[WhiteElo "2475"]
[BlackElo "2412"]

1.d4 Nf6 2.c4 e6 3.Nc3 Bb4 4.e3 O-O 5.a3 Bxc3+ 6.bxc3 c5 7.Bd3 Nc6 8.Ne2 d6
9.e4 e5 10.O-O Nh5 11.d5 Ne7 12.f3 Ng6 13.g3 Bd7 14.Be3 h6 15.Kh1 Nf6 16.Qc2
Qe7 17.Rg1 Rae8 18.Raf1 Nh7 19.Qb1 Ng5 20.h4 Nh7 21.Rf2 Bc8 22.Bd2 Qd8 23.Rh2
Qf6 24.f4 Bg4 25.Qf1 Qd8 26.f5 Ne7 27.Nc1 Kh8 28.Be2 Nf6 29.Qd1 Bxe2 30.Qxe2
h5 31.Bg5 Ng4 32.Rhg2 Qa5 33.Nd3 Ng8 34.Nf2 N8f6 35.Bxf6 Nxf6 36.g4 Qxc3 37.g5
Nh7 38.Qxh5 g6 39.Qe2 Qxa3 40.Rg3 Qa4 41.h5 Rg8 42.f6 Rb8 43.Qg4 Qc2 44.hxg6
Rxg6 45.R3g2 Nxf6 46.gxf6 Rxg4 47.Rh2+ {#r} 1-0

[Event "Zt"]
[Site "masterchessopen.com Sao Paulo (Brazil)"]
[Round "17"]
[White "Carvajal A"]
[Black "Van Riemsdijk Herman C (BRA)"]
[Result "1-0"]
[WhiteElo "2115"]
[BlackElo "2345"]

1.d4 e6 2.c4 Nf6 3.Nc3 Bb4 4.e3 O-O 5.Bd3 c5 6.a3 Bxc3+ 7.bxc3 Nc6 8.Ne2 d6
9.O-O h6 10.e4 e5 11.d5 Na5 12.f4 exf4 13.Bxf4 Ng4 14.Ng3 Qf6 15.h3 Ne5 16.Qe2
b6 17.Nf5 Re8 18.Bh2 Ba6 19.Ne3 Qg6 20.Bxe5 dxe5 21.Rf3 Bc8 22.Raf1 f6 23.Qf2
Nb7 24.Rg3 Qf7 25.Qxf6 Qxf6 26.Rxf6 Re7 27.Rxh6 Bd7 28.Nf5 Bxf5 29.exf5 e4
30.Be2 Rf8 31.f6 Rc7 32.fxg7 Rxg7 33.Rxg7+ Kxg7 34.Re6 Rf7 35.Rxe4 Nd6 36.Re6
Nf5 37.Bg4 {#r} 1-0

[Event "Ch OWL"]
[Site "masterchessopen.com Brackwede (Germany)"]
[Round "5"]
[White "Vinke Dietmar (FIN)"]
[Black "Busch Raimund (GER)"]
[Result "0-1"]
[WhiteElo "2218"]
[BlackElo "2320"]

1.d4 Nf6 2.c4 e6 3.Nc3 Bb4 4.a3 Bxc3+ 5.bxc3 c5 6.e3 O-O 7.Bd3 Nc6 8.Ne2 b6
9.e4 Ne8 10.e5 d6 11.f4 f5 12.exf6 Nxf6 13.O-O Ne7 14.h3 Qc7 15.Ra2 Bd7 16.Re1
Rae8 17.Ng3 Nf5 18.Nxf5 exf5 19.Rae2 Qc8 20.Re7 Rxe7 21.Rxe7 Re8 22.Qe2 Kf8
23.Rxe8+ Qxe8 24.Kf2 Qxe2+ 25.Kxe2 g6 26.Be3 Bc6 27.d5 Ba4 28.Bf2 Ng8 29.Bh4
Nh6 30.Bg5 Nf7 31.Bf6 Ke8 32.g4 fxg4 33.hxg4 Nh6 34.f5 Kf7 35.fxg6+ Kxf6
36.gxh7 Nf7 37.Ke3 Kg5 38.Bf5 Bd1 39.Be6 Nh8 40.Bf5 Bxg4 41.Bxg4 Kxg4 42.Ke4
Nf7 43.Ke3 Kf5 44.a4 a5 {#R} 0-1

[Event "Ch URS (1 liga)"]
[Site "masterchessopen.com Ashkhabad (Turkmenistan)"]
[Round "16"]
[White "Ivanov Igor V (CAN)"]
[Black "Jussupow Artur (GER)"]
[Result "0-1"]
[WhiteElo "2424"]
[BlackElo "2450"]

1.d4 Nf6 2.c4 e6 3.Nc3 Bb4 4.e3 c5 5.Bd3 Nc6 6.a3 Bxc3+ 7.bxc3 O-O 8.Ne2 b6
9.e4 Ne8 10.Be3 Ba6 11.Qa4 cxd4 12.cxd4 Na5 13.Bd2 Rc8 14.Rc1 d5 15.Bxa5 bxa5
16.exd5 exd5 17.Rc3 dxc4 18.Bxc4 Qe7 19.Re3 Rxc4 20.Qxc4 Qxe3 21.Qxa6 Qxa3
22.O-O Qb2 23.Qd3 Nf6 24.Rb1 Qa2 25.Nc3 Qe6 26.d5 Qd6 27.Qd4 h5 28.h3 Rc8
29.Rb5 a4 30.g3 Qc7 31.Nxa4 Qd7 32.Rc5 Rxc5 33.Nxc5 Qxd5 34.Qb4 Kh7 35.Qb1+ g6
36.Qa1 Qxc5 37.Qxf6 Qc4 38.Qa1 a6 39.Qe5 Qa2 40.g4 Qe6 41.Qg5 hxg4 42.hxg4
Qe1+ 43.Kg2 Qc3 44.f4 Qd2+ 45.Kg3 Qe3+ 46.Kg2 Kg7 47.Qa5 Qxf4 48.g5 Qf5 49.Qd2
a5 50.Kg1 Qe5 {#R} 0-1